Responses for show #2125 - Friday, November 26, 1993

1993 Tournament of Champions final game 2.

Contestants

[<< previous game]

Tom Nosek, an aerospace engineer from Torrance, California (subtotal of $19,200)

Bev Schwartzberg, a teacher originally from Amherst, Massachusetts (subtotal of $15,400)

Marilyn Kneeland, a retired teacher and Seniors Tournament winner from San Diego, California (subtotal of $8,400)

[next game >>]

Jeopardy! Round responses

IN THE NEWS
SCREENWRITERS
HOLIDAYS & OBSERVANCES
AWARDS
NATIONAL PARKS OF THE WORLD
SPELLING
(Alex: You have to spell the correct response.)
    $100 2
Alabama

Marilyn
    $100 1
Woody Allen

Tom
    $100 16
Easter eggs

Bev
    $100 11
Smokey the Bear

Marilyn
    $100 21
Angel Falls

Marilyn
    $100 26
R-H-E-S-U-S

Bev
    $200 7
Ted Kennedy

Marilyn
    $200 3
George Lucas

Bev
    $200 17
The Fourth of July

Marilyn
    $200 12
Exodus

Bev
    $200 22
Nepal

Bev
    $200 27
L-I-C-H-E-N

Bev
    $300 8
FBI

Bev
    $300 4
John Huston

Bev
    $300 18
Lent

Bev
    $300 13
Rube Goldberg

Triple Stumper
    $300 23
(T: What is Australia?)

New Zealand

MarilynTom
    $300 28
T-R-I-F-L-E

Marilyn
    $400 9
National Endowment for the Arts

Bev
    $400 5
Blake Edwards

Bev
    $400 19
Mardi Gras

Bev
    $400 14
Jeane Kirkpatrick

Bev
    $1,000 24
Banff National Park

Marilyn
    $400 29
A-B-O-R-I-G-I-N-E

Tom
    $500 10
Saudi Arabia

Tom
    $500 6
Spike Lee

Bev
    $500 20
St. Anthony

Marilyn
    $500 15
John Williams

Marilyn
    $500 25
(B: What is the Black Sea?)

Sea of Marmara

BevTom
    $500 30
T-S-U-N-A-M-I

Bev

Scores at the first commercial break (after clue 15):

Marilyn Bev Tom
$900 $2,700 $600

Scores at the end of the Jeopardy! Round:

Marilyn Bev Tom
$3,300 $4,000 $1,200

Double Jeopardy! Round responses

STATE CAPITALS
THE OLYMPICS
FAMOUS PHYSICIANS
AMERICAN BUSINESS
LITERATURE
RUSSIAN HISTORY
    $200 6
Columbus

Tom
    $200 11
Fencing

Marilyn
    $200 21
Declaration of Independence

Bev
    $200 26
Avon (known then as the California Perfume Co.)

Marilyn
    $200 16
Robinson Crusoe

Bev
    $200 1
Catherine the Great

Marilyn
    $400 7
Sacramento

Tom
    $400 12
Synchronized Swimming

Bev
    $400 22
Cataracts

Bev
    $400 27
Clairol

Bev
    $400 17
Don Quixote

Bev
    $400 2
Rasputin

Bev
    $600 8
Bismarck

Tom
    $600 13
Bruce Jenner

Bev
    $600 23
Alexander Fleming

Bev
    $600 28
Macy's

Bev
    $600 18
Mickey Spillane

Marilyn
    $600 3
Lenin

Bev
    $800 9
Frankfort

Marilyn
    $800 14
Katarina Witt

Bev
    $800 24
Christiaan Barnard

Bev
    $800 29
(M: What is Purina Ralston?)
(Alex: That's OK, you got it backwards, but we'll accept it.)

Ralston Purina

Marilyn
    $800 19
Anna Karenina

Bev
    $800 4
Boris Godunov

Tom
    $1000 10
Salem, Oregon

Marilyn
    $2,000 15
(B: What is tennis?)

Badminton, baseball or women's judo

Bev
    $1000 25
Hip

Bev
    $1000 30
(M: What is Amana?)

Maytag

MarilynTom
    $2,200 20
(Bev: What is The Plague?)

The Stranger

Bev
    $1000 5
Vladivostok

Marilyn

Scores at the end of the Double Jeopardy! Round:

Marilyn Bev Tom
$7,100 $8,000 $4,200

[wagering suggestions for these scores]

Final Jeopardy! Round responses

THE CABINET
(Alex: Tom, yeah, you can pull out your good luck charm; you're the new Jeopardy! Tournament of Champions winner! Congratulations, Tom, come on over here. $100,000 for you. Congratulations. Now the good news, in addition to the $100,000, is that you get to come back next week against representatives from our first eight seasons. We selected those players at random a couple of weeks ago, and now, your photo goes into this grouping, and we'll see you on Monday, where you'll play for more money!)
TomWho is Richardson?
$4,200
MarilynWho Richard Kleinsdorf
$4,000
BevWho is Mitchell?
$4,300
Elliot Richardson

Final scores:

Marilyn Bev Tom
$3,100 $3,700 $8,400

Cumulative scores:

Marilyn Bev Tom
$11,500 $19,100 $27,600
2nd runner-up: $11,500 1st runner-up: $19,100 Tournament champion: $100,000

Game dynamics:

Coryat scores:

Marilyn Bev Tom
$6,500 $12,200 $4,200
18 R
(including 1 DD),
1 W
30 R,
3 W
(including 2 DDs)
9 R,
1 W

Combined Coryat: $22,900

The J! Archive is created by fans, for fans. The Jeopardy! game show and all elements thereof, including but not limited to copyright and trademark thereto, are the property of Jeopardy Productions, Inc. and are protected under law. This website is not affiliated with, sponsored by, or operated by Jeopardy Productions, Inc. Join the discussion at JBoard.tv.